000
00215 a2200097 4500
001
47343
100
_a
Kilmarx R
245
_a
A history of soviet air power
260
_a
London
_b
Methuen
_c
090
_c
30379
_d
30379
942
_a
NUST-CAE
_c
M
_c
22646
999
_c
282416
_d
282416